| 000 | 00997naa a22002657a 4500 | ||
|---|---|---|---|
| 001 | BR8803167 | ||
| 003 | BR-BrBNA | ||
| 005 | 20240918180139.0 | ||
| 007 | ta | ||
| 008 | 230509b bl.||||| |||| 00| 0 por d | ||
| 040 |
_aBR-BrBNA _bpor _cBiblioteca Nacional de Agricultura |
||
| 041 | _a(Pt) | ||
| 072 |
_aF30 _b3240 |
||
| 090 | _aF30 BR8803167 | ||
| 100 | 1 | _aAssis, T.F. de | |
| 111 | 1 |
_aSimposio sobre Tendencias do Desenvolvimento Florestal Brasileiro _cPiracicaba, SP (Brazil) _d27-28 Mar 1985 |
|
| 245 | 1 | _aHibridacao na Acesita Energetica S.A. | |
| 260 | 3 |
_aPiracicaba, SP (Brasil): _c1985. |
|
| 500 | _aSimposio sobre Tendencias do Desenvolvimento Florestal Brasileiro Piracicaba, SP (Brasil): 1985. p. 21-38 (BR8803167-AM)F30 | ||
| 650 | _aEUCALIPTO | ||
| 650 | _aHIBRIDACAO | ||
| 773 | 0 |
_tSimposio sobre Tendencias do Desenvolvimento Florestal Brasileiro _wF30 BR8803167 _gPiracicaba, SP (Brasil), 1985. p. 21-38 |
|
| 909 |
_a202404 _bLucia _c55 _dLucia Elande |
||
| 942 |
_cAM _2AGRIS |
||
| 999 |
_c319295 _d319295 |
||